|
|
|
|
| LEADER |
01734nam a2200289 a 4500 |
| 001 |
GR-Patra23522 |
| 008 |
071207s2005 gr g 000 0 gre d |
| 020 |
|
|
|a 9601515275
|
| 040 |
|
|
|a GrPaTEI
|b gre
|c GR-PaULI
|
| 040 |
|
|
|a GrPaTEI
|b gre
|c GR-PaULI
|
| 082 |
|
0 |
|a 365.6
|2 22
|
| 100 |
1 |
|
|a ΜΑΥΡΗΣ, ΜΙΧΑΛΗΣ
|
| 245 |
1 |
0 |
|a Ρατσιστικές αντιλήψεις και ποινικές διαδικασίες κοινωνικού αποκλεισμού :
|b Έρευνα σε Αφρικανούς κρατούμενους στη φυλακή του Αγίου Στεφάνου Πατρών /
|c Μιχάλη Μαυρή.
|
| 260 |
|
|
|a Αθήνα :
|b Αντ. Ν. Σάκκουλα,
|c 2005
|
| 300 |
|
|
|a 95 σ. :
|b πιν.
|
| 490 |
1 |
|
|a Media+Έγκλημα. 7
|
| 504 |
|
|
|a Βιβλιογραφία σ. [61] - 66.
|
| 650 |
|
4 |
|a Ρατσισμός
|
| 650 |
|
4 |
|a Φυλακές
|z Ελλάς
|z Άγιος Στέφανος (Πάτρα)
|
| 710 |
0 |
|
|a Αντ. Ν. Σάκκουλας
|
| 830 |
|
0 |
|1 00123523
|1 2001
|a Media και έγκλημα
|h 7
|
| 942 |
|
|
|2 ddc
|
| 952 |
|
|
|0 0
|1 0
|2 ddc
|4 0
|6 365_600000000000000_ΜΑΥ
|7 0
|9 303474
|a LISK
|b LISK
|c BSC
|d 2021-01-17
|e 24
|f 0
|g 0.00
|l 0
|o 365.6 ΜΑΥ
|p 92410033338
|r 2021-01-17 00:00:00
|t 1
|w 2021-01-17
|y BK15
|x 20071207 0 1
|x GrPaTEI
|
| 952 |
|
|
|0 0
|1 0
|2 ddc
|4 0
|6 365_600000000000000_ΜΑΥ
|7 0
|9 303475
|a LISK
|b LISK
|c BSC
|d 2021-01-17
|e 24
|f 0
|g 0.00
|l 0
|o 365.6 ΜΑΥ
|p 92410033339
|r 2021-01-17 00:00:00
|t 1
|w 2021-01-17
|y BK15
|x 20071207 0 1
|x GrPaTEI
|
| 952 |
|
|
|0 0
|1 0
|2 ddc
|4 0
|6 365_600000000000000_ΜΑΥ
|7 1
|9 303476
|a LISK
|b LISK
|c BSC
|d 2021-01-17
|e 24
|f 0
|g 0.00
|l 0
|o 365.6 ΜΑΥ
|p 92410033340
|r 2021-01-17 00:00:00
|t 1
|w 2021-01-17
|y BKN
|x 20071207 0 0
|x GrPaTEI
|
| 971 |
|
|
|a .b26710948
|b 16-04-20
|c 26-09-16
|
| 999 |
|
|
|c 176177
|d 176177
|